| 000 | 00904nam a22002537a 4500 | ||
|---|---|---|---|
| 005 | 2008090307237.0 | ||
| 008 | 080903t xxu||||| |||| 00| 0 eng d | ||
| 010 | _aENG-90899 | ||
| 020 |
_a9788131304433 _c195.00 |
||
| 035 | _aEN-74432 | ||
| 037 | _bDBAD / PUB | ||
| 040 |
_aDPL _bEnglish |
||
| 082 | _a576.139 | ||
| 100 | _aChatterjee, Shailja | ||
| 245 |
_aGenetics / _cby Shailja Chatterjee [and] V.C. Chatterjee |
||
| 260 |
_aNew Delhi _bAPH Publishing House _c2009 |
||
| 270 |
_a4435-36/7, Ansari Raod, Darya Ganj, _bNew Delhi _e110002 _k23274050 |
||
| 300 |
_a70p.: _c23 cm (Hb) _bill. |
||
| 500 | _aIncludes index | ||
| 650 | _aGenetics | ||
| 700 | _aChatterjee, V.C. | ||
| 942 |
_2ddc _cEN _mCHA _h576.139 |
||
| 999 |
_c15323 _d15323 |
||